| 000 | 01120nam a2200253Ia 4500 | ||
|---|---|---|---|
| 999 |
_c51397 _d51397 |
||
| 001 | 18382 | ||
| 003 | GE_BSU | ||
| 005 | 20210802153530.0 | ||
| 008 | 181216s ||||ge |||||||||||||| ||geo|| | ||
| 020 | _a978-9941-0-4621-6 | ||
| 040 | _cGE_BSU | ||
| 041 | _ageo | ||
| 080 | _a341.176.2(4) გ-12 | ||
| 100 |
_aგაბრიჩიძე, გაგა _95243 |
||
| 245 |
_aევროპული კავშირის სამართალი / _cგაგა გაბრიჩიძე ; რედ. თამარ გაბელაია |
||
| 264 |
_aთბილისი : _bევროპული და შედარებითი სამართლის ინ-ტის გამ-ბა, _c2012. |
||
| 300 |
_a351 გვ. : _bცხრ. ; _c24 სმ. |
||
| 504 | _aბიბლიოგრ : გვ. 317-320 | ||
| 541 | _h32ლ. | ||
| 653 | _aევროკავშირი | ||
| 653 | _aევროპული კავშირის სამართალი | ||
| 700 |
_aგაბელაია, თამარ _eრედაქტორი _95880 |
||
| 942 |
_cBK _2udc |
||